Čo potrebuje Slovensko, čo potrebujeme my všetci

Bibliographic Details
Main Author: Cabadaj, Stanislav (Author)
Format: Book
Language:Slovak
PhysicalDescription:90 s. 21 cm
Published: Bratislava Eko-konzult 2000
ISBN:8088809916
Series:Necenzurované myšlienky
Subjects:

MARC

LEADER 00000nam a2200000 a 4500
001 vtls001410130
003 SK-MaSNL
005 20260302001406.0
008 251113s2000 xo r slo
015 |a SNBA2001/06-02020 
020 |a 8088809916 
035 |a SNK000364820 
035 |a urn:nbn:sk:snk-amkmkt 
035 |a urn:nbn:sk:snk-am003bhz 
035 |a E3AF0576-0ED6-4FB7-AF26-1AB0CD23B732 
040 |a SNK  |b slo  |c SNK  |e AACR2 
041 0 |a slo 
044 |a xo  |c SK 
080 |a 323(437.6)  |2 1981 
100 1 |a Cabadaj, Stanislav  |4 aut  |9 350727 
245 1 0 |a Čo potrebuje Slovensko, čo potrebujeme my všetci  |c Stanislav Cabadaj 
260 |a Bratislava  |b Eko-konzult  |c 2000 
300 |a 90 s.  |c 21 cm 
490 1 |a Necenzurované myšlienky 
655 7 |a príručky  |2 SNK  |9 74364 
830 0 |a Necenzurované myšlienky  |9 637253 
919 |a 80-88809-91-6 
958 |a OND 
958 |a TL 
999 |c 983681  |d 985611 
952 |t P60, <03>, [BOOK], {603}  |a SNK  |b SNK  |y PREZ  |7 0  |p 17A0271050  |o snkSC 104428  |i snkKSP 4410/2001  |0 0  |1 0  |4 0  |d 2001-03-27  |f 1  |l 0  |r 2025-09-25 00:00:00  |w 2026-02-24 
952 |t P60, <04>, [BOOK], {604}  |a SNK  |b SNK  |y VYP  |7 0  |p 17A0271051  |o snkSC 104428 D1  |i snkKSP 4411/2001  |0 0  |1 0  |4 0  |d 2001-03-27  |l 0  |r 2005-01-02 00:00:00  |w 2026-02-24